<?xml version="1.0" encoding="UTF-8"?>
<collection xmlns="http://www.loc.gov/MARC21/slim">
 <record>
  <leader>01539nam a2200193Ia 4500</leader>
  <controlfield tag="001">CTU_35290</controlfield>
  <controlfield tag="008">210402s9999    xx            000 0 und d</controlfield>
  <datafield tag="082" ind1=" " ind2=" ">
   <subfield code="a">363.7384</subfield>
  </datafield>
  <datafield tag="082" ind1=" " ind2=" ">
   <subfield code="b">H561</subfield>
  </datafield>
  <datafield tag="110" ind1=" " ind2=" ">
   <subfield code="a">UNDP</subfield>
  </datafield>
  <datafield tag="245" ind1=" " ind2="0">
   <subfield code="a">Hướng dẫn kiểm toán giảm thiểu chất thải công nghiệp</subfield>
  </datafield>
  <datafield tag="245" ind1=" " ind2="0">
   <subfield code="c">UNDP, UNIDO</subfield>
  </datafield>
  <datafield tag="260" ind1=" " ind2=" ">
   <subfield code="a">Hà Nội</subfield>
  </datafield>
  <datafield tag="260" ind1=" " ind2=" ">
   <subfield code="b">UNDP và UNIDO</subfield>
  </datafield>
  <datafield tag="260" ind1=" " ind2=" ">
   <subfield code="c">1999</subfield>
  </datafield>
  <datafield tag="520" ind1=" " ind2=" ">
   <subfield code="a">Tài liệu rút từ dự án &quot; Giảm thiểu ô nhiễm công nghiệp tỉnh Đồng Nai &quot; mã số VIE/95/053. Dự án có 4 mục tiêu: 1) Đánh giá tác động môi trườngtrên qui mô vùng nghiên cứu; 2) Xây dựng một chiến lược kiểm soát ô nhiễm công nghiệp; 3) Nâng cao năng lực của Sở khoa học, Công nghệ và Môi trường; 4) Khuyến khích các nhà máy, các cơ sở sản xuất trong khu vực nghiên cứu của dự án tự nguyện tham gia chương trình giảm thiểu chất thải. Cuốn sách hướng dẫn các doanh nghiệp dễ dàng nhận ra những lợi ích thiết thực cho doanh nghiệp mình và góp phần bảo vệ môi trường chung và có thể dễ dàng áp dụng trong quá trình sản xuất của mình</subfield>
  </datafield>
  <datafield tag="650" ind1=" " ind2=" ">
   <subfield code="a">environmental protection</subfield>
  </datafield>
  <datafield tag="904" ind1=" " ind2=" ">
   <subfield code="i">Nguyễn Quang Điền, 000223</subfield>
  </datafield>
  <datafield tag="980" ind1=" " ind2=" ">
   <subfield code="a">Trung tâm Học liệu Trường Đại học Cần Thơ</subfield>
  </datafield>
 </record>
</collection>
